Matemática 1º básico: guía didáctica del docente.

Gardado en:
Detalles Bibliográficos
Autor Principal: Donoso Suárez, Lucía (autora)
Outros autores: Cortés Toro, Camila (autora)
Formato: Libro
Publicado: Santiago, Chile: Ediciones Cal y Canto, 2017.
Edición:Edición especial para el Ministerio de Educación.
Subjects:
Tags: Engadir etiqueta
Sen Etiquetas, Sexa o primeiro en etiquetar este rexistro!

MARC

LEADER 00000cam a2200000 a 4500
001 UCD9888
003 CL-VaPUC
005 20240705074039.0
008 220929t2017 ||||| |||| 00| 0 eng d
999 |c 439006  |d 439004 
020 |a 9789563392135 
040 |c Pontificia Universidad Católica de Valparaíso 
082 0 4 |a 372.7 DON 2017  |2 21 
100 0 |a Donoso Suárez, Lucía  |e autora  |9 593704 
245 1 0 |a Matemática 1º básico: guía didáctica del docente. 
250 |a Edición especial para el Ministerio de Educación. 
260 |a Santiago, Chile:  |b Ediciones Cal y Canto,  |c 2017. 
300 |a 263 páginas. 
500 |a c.1 Donación Bib. Educación a Bib. Matemática. Sin memo 26/09/2022 Incluye pendrive. 
583 |a last modification  |c 20170709 17:01:00  |k Catalogador Asistente 
650 0 |a Matemáticas  |x Enseñanza  |9 875527 
650 0 |a Educación básica   |9 224933 
650 0 |a Textos escolares  |9 382843 
650 0 |a Libros de texto  |9 270019 
700 |a Cortés Toro, Camila  |e autora  |9 593627 
942 |c BK  |2 ddc 
945 |d 20170709 17:01:00  |a arojas 
952 |0 0  |1 0  |2 ddc  |4 0  |6 372_700000000000000_DON_2017  |7 0  |8 A  |9 586934  |a BIBMAT  |b BIBMAT  |c E_DIDACT  |d 2022-09-29  |e Donación  |i 5654875  |o 372.7 DON 2017  |p 5654875  |r 2025-01-07  |t 1  |w 2022-09-29  |y BK  |k MAT